| 000 | 00332nam a2200133Ia 4500 | ||
|---|---|---|---|
| 005 | 20251222143256.0 | ||
| 008 | 251222s9999||||xx |||||||||||||| ||spa|| | ||
| 082 | _a862/D31 | ||
| 100 | _aDávalos, Pedro y Lissón | ||
| 245 | 0 | _aLa Ciudad de los Reyes | |
| 250 | _a1ra.ed. | ||
| 264 | _bInstituto Nacional de Cultura | ||
| 942 | _cLIB | ||
| 999 |
_c15153 _d15153 |
||